| 000 | 00000nam 2200000za 4500 |
| 001 | 9.700258 |
| 003 | CaOODSP |
| 005 | 20230131161135 |
| 007 | cr ||||||||||| |
| 008 | 160818s2013 oncbo o f000 0 eng d |
| 040 | |aCaOODSP|beng |
| 043 | |an-cn--- |
| 086 | 1 |aM45-107/2013E-PDF |
| 100 | 1 |aHutton, C. A. |
| 245 | 10|aTargeted Geoscience Initiative 4 - volcanogenic massive sulfide ore systems |h[electronic resource] / |cC.A. Hutton. |
| 260 | |a[Ottawa] : |bNatural Resources Canada, |cc2013. |
| 300 | |a[3] p. (un-numbered pages) : |bcol. ill., col. map |
| 490 | 1 |aEarth Science Sector, general information product ; |v107e |
| 500 | |aIssued also in French under title: Initiative géoscientifique ciblée 4 - systèmes minéralisés de sulfures massifs volcanogènes. |
| 692 | 07|2gccst|aGeology |
| 692 | 07|2gccst|aScientific research |
| 692 | 07|2gccst|aMetals |
| 692 | 07|2gccst|aMinerals |
| 710 | 1 |aCanada. |bNatural Resources Canada. |
| 710 | 2 |aGeological Survey of Canada. |
| 775 | 08|tInitiative géoscientifique ciblée 4 - systèmes minéralisés de sulfures massifs volcanogènes |w(CaOODSP)9.644155 |
| 830 | #0|aGeneral information product (Canada. Natural Resources Canada)|v107e|w(CaOODSP)9.822750 |
| 856 | 40|qPDF|s816 KB|uhttps://publications.gc.ca/collections/collection_2016/rncan-nrcan/M45-107-2013-eng.pdf |
| 986 | |a294854 |